000 00230 a2200109 4500
001 44113
040 _cAnchieta - Aquarius
240 1 0 _aVambora, tá na hora!
_l
245 1 0 _aVambora, tá na hora!
650 4 _aMúsica
942 _cMU
999 _c44113
_d44113